000
00254nam a2200109Ia 4500
008
190912s9999||||xx |||||||||||||| ||und||
100
_a
Philip Kunhardt
245
4
_a
The Joy of Life
260
_a
Canada
_b
McGraw-Hill
_c
2016
300
_a
226
942
_c
BK
999
_c
7369
_d
7369